<?xml version="1.0" encoding="UTF-8"?><?xml-stylesheet type="text/xsl" href="static/style.xsl"?><OAI-PMH xmlns="http://www.openarchives.org/OAI/2.0/" xmlns:xsi="http://www.w3.org/2001/XMLSchema-instance" xsi:schemaLocation="http://www.openarchives.org/OAI/2.0/ http://www.openarchives.org/OAI/2.0/OAI-PMH.xsd"><responseDate>2026-04-28T19:51:36Z</responseDate><request verb="GetRecord" identifier="oai:uvadoc.uva.es:10324/2536" metadataPrefix="marc">https://uvadoc.uva.es/oai/request</request><GetRecord><record><header><identifier>oai:uvadoc.uva.es:10324/2536</identifier><datestamp>2021-05-21T21:28:47Z</datestamp><setSpec>com_10324_1175</setSpec><setSpec>com_10324_931</setSpec><setSpec>com_10324_894</setSpec><setSpec>col_10324_1955</setSpec></header><metadata><record xmlns="http://www.loc.gov/MARC21/slim" xmlns:doc="http://www.lyncode.com/xoai" xmlns:xsi="http://www.w3.org/2001/XMLSchema-instance" xmlns:dcterms="http://purl.org/dc/terms/" xsi:schemaLocation="http://www.loc.gov/MARC21/slim http://www.loc.gov/standards/marcxml/schema/MARC21slim.xsd">
<leader>00925njm 22002777a 4500</leader>
<datafield tag="042" ind1=" " ind2=" ">
<subfield code="a">dc</subfield>
</datafield>
<datafield tag="720" ind1=" " ind2=" ">
<subfield code="a">Blasco Pascual, Francisco Javier</subfield>
<subfield code="e">author</subfield>
</datafield>
<datafield tag="260" ind1=" " ind2=" ">
<subfield code="c">1987</subfield>
</datafield>
<datafield tag="520" ind1=" " ind2=" ">
<subfield code="a">Introducción a la obra poética de JRJ y establecimiento de claves de lectura para las diferentes etapas de su escritura, así como para cada uno de sus libros. Especial atenciós se presta a los motivos y tópicos del modernismo y del simbolismo, humus en el que arraiga la totalidad de su producción</subfield>
</datafield>
<datafield tag="024" ind2=" " ind1="8">
<subfield code="a">84-376-0686-1</subfield>
</datafield>
<datafield tag="024" ind2=" " ind1="8">
<subfield code="a">http://uvadoc.uva.es/handle/10324/2536</subfield>
</datafield>
<datafield ind1=" " ind2=" " tag="653">
<subfield code="a">Poesía española-Siglo XX-Antologías</subfield>
</datafield>
<datafield ind1=" " ind2=" " tag="653">
<subfield code="a">Jiménez, Juan Ramón|d(1881-1958)-Crítica e interpretación</subfield>
</datafield>
<datafield ind1=" " ind2=" " tag="653">
<subfield code="a">Modernismo (Literatura)</subfield>
</datafield>
<datafield tag="245" ind1="0" ind2="0">
<subfield code="a">Prólogo a Juan Ramón Jiménez: antología poética</subfield>
</datafield>
</record></metadata></record></GetRecord></OAI-PMH>